| 000 | 01221 a2200313 4500 | ||
|---|---|---|---|
| 001 | 200421742 | ||
| 999 |
_c200421742 _d38882 |
||
| 003 | TR-AnTOB | ||
| 005 | 20241121112032.0 | ||
| 008 | 150403b tu 000 0 | ||
| 020 | _a1567001270 | ||
| 040 |
_aTR-AnTOB _btur _erda |
||
| 041 | 0 | _aeng | |
| 050 | 0 | 0 |
_aTD195 _b.E5 1998 |
| 090 | _aTD195 .E5 1998 | ||
| 245 | 1 | 0 |
_aEnergy and the environment : _bproceedings of the second Trabzon International Energy and Envirnment Symposium : _bKaradeniz Technical University, Trabzon, Turkey, July 26-29, 1998 / _ceditors Ibrahim Dincer, Teoman Ayhan. |
| 264 |
_aNew York, Wallingford, U.K.: _bBegell House, Inc., _c1998 |
||
| 300 |
_a585 p. : _bill. ; _c28 cm. |
||
| 336 |
_atext _2rdacontent |
||
| 337 |
_aunmediated _2rdamedia |
||
| 338 |
_avolume _2rdacarrier |
||
| 650 | 0 | 0 |
_aEnergy development _xEnvironmental aspects _9105385 |
| 650 | 0 | 0 |
_aEnergy consumption _xEnvironmental aspects _9105386 |
| 650 | 0 | 7 |
_aEnerji geliştirme _xÇevresel yönleri _2etuturkob _9105388 |
| 650 | 0 | 7 |
_aEnerji tüketimi _xÇevresel yönleri _2etuturkob _9105389 |
| 650 | 0 | 0 |
_aPower resources _xEnvironmental aspects _967081 |
| 650 | 0 | 7 |
_aGüç kaynakları _xÇevresel yönleri _2etuturkob _967080 |
| 942 | _cBK | ||